000 00294nam a2200133Ia 4500
100 _aAnderson D/ Sweeney/D.J
942 _cBK
245 _aQuantitative methods for business
260 _bCengage Learning
_aMumbai
_c2006
082 _bAND
300 _a822
546 _aENGLISH
999 _c35083
_d35083